Laser communication systems / (Record no. 182564)
[ view plain ]
| 000 -LEADER | |
|---|---|
| fixed length control field | 01014 a2200205 4500 |
| 003 - CONTROL NUMBER IDENTIFIER | |
| control field | Nust |
| 005 - DATE AND TIME OF LATEST TRANSACTION | |
| control field | 20221208102252.0 |
| 010 ## - LIBRARY OF CONGRESS CONTROL NUMBER | |
| LC control number | 69012897 |
| 020 ## - INTERNATIONAL STANDARD BOOK NUMBER | |
| International Standard Book Number | 0471696501 |
| 040 ## - CATALOGING SOURCE | |
| Transcribing agency | Nust |
| 082 00 - DEWEY DECIMAL CLASSIFICATION NUMBER | |
| Classification number | 621.382,PRA |
| 100 1# - MAIN ENTRY--PERSONAL NAME | |
| Personal name | Pratt, William K. |
| 9 (RLIN) | 58457 |
| 245 10 - TITLE STATEMENT | |
| Title | Laser communication systems / |
| Statement of responsibility, etc. | William K. Pratt. |
| 260 ## - PUBLICATION, DISTRIBUTION, ETC. | |
| Place of publication, distribution, etc. | New York, |
| Name of publisher, distributor, etc. | Wiley |
| Date of publication, distribution, etc. | [1969] |
| 300 ## - PHYSICAL DESCRIPTION | |
| Extent | xi, 271 p. |
| Other physical details | illus. |
| Dimensions | 23 cm. |
| 490 0# - SERIES STATEMENT | |
| Series statement | Wiley series in pure and applied optics |
| 505 ## - FORMATTED CONTENTS NOTE | |
| Formatted contents note | Introduction (Page-1), Modulation and Demodulation (Page-18), Optical Components (Page-45), Modulators (Page-65), Detectors (Page-87), Background Radiation (Page-111), Atmospheric Propagation (Page-128), Detection Noise (Page-145), Detection Processes (Page-159), Communication Receivers (Page-174), Baseband Pulse and Digital Laser Communication Systems (Page-196), Subcarrier and Heterodyne Digital Laser Communication Systems (Page-218), Optimum System Design (Page-233). |
| 650 #0 - SUBJECT ADDED ENTRY--TOPICAL TERM | |
| Topical term or geographic name entry element | Telecommunication Engineering |
| 942 ## - ADDED ENTRY ELEMENTS (KOHA) | |
| Source of classification or shelving scheme | |
| Koha item type | Book |
| Withdrawn status | Lost status | Source of classification or shelving scheme | Damaged status | Not for loan | Permanent Location | Current Location | Shelving location | Date acquired | Full call number | Barcode | Date last seen | Price effective from | Koha item type | Public note |
|---|---|---|---|---|---|---|---|---|---|---|---|---|---|---|
| Military College of Signals (MCS) | Military College of Signals (MCS) | General Stacks | 12/12/2016 | 621.382,PRA | MCS586 | 12/08/2016 | 12/12/2016 | Book | Almirah No.35, Shelf No.4 |
